Κατάλογος Βιβλιοθηκών Mediterranean College

Έρευνα Μάρκετινγκ / Τεχνική στην Ανάπτυξη Project: Θεωρία και Πράξη (Record no. 1549)

MARC details
000 -LEADER
fixed length control field 01478cam a22001814a 4500
005 - ΗΜΕΡΟΜΗΝΙΑ ΚΑΙ ΩΡΑ ΤΕΛΕΥΤΑΙΑΣ ΕΝΗΜΕΡΩΣΗΣ
Πεδίο ελέγχου 20250605164012.0
008 - FIXED-LENGTH DATA ELEMENTS--GENERAL INFORMATION
Πεδίο ελέγχου σταθερού μήκους 250528s ||||||||||||||||||||||||d
035 ## - SYSTEM CONTROL NUMBER
System control number 16004
040 ## - ΠΗΓΗ ΚΑΤΑΛΟΓΟΓΡΑΦΗΣΗΣ
Φορέας πρωτότυπης καταλογογράφησης MC Athens Campus Library
Γλώσσα καταλογογράφησης Ελληνικά, Μοντέρνα (1453-)
Modifying agency MC Athens Campus Library
Κανόνες περιγραφικής καταλογογράφησης AACR2
245 1# - ΤΙΤΛΟΣ ΚΑΙ ΔΗΛΩΣΗ ΥΠΕΥΘΥΝΟΤΗΤΑΣ
Τίτλος Έρευνα Μάρκετινγκ / Τεχνική στην Ανάπτυξη Project: Θεωρία και Πράξη
260 ## - PUBLICATION, DISTRIBUTION, ETC.
Name of publisher, distributor, etc. Interbooks,
Date of publication, distribution, etc. 1989
300 ## - PHYSICAL DESCRIPTION
Extent 208
520 ## - SUMMARY, ETC.
Summary, etc. Κατευθύνσεις για τη διεξαγωγή μιας ποιοτικής και επιτυχημένης Έρευνας Μάρκετινγκ. Πρόλογος, Έρευνα Μάρκετινγκ, Εισαγωγή στην Επιστήμη της Έρευνας Μάρκετινγκ, Προκαταρκτική Έρευνα, Πλάνο Έρευνας, Τρόποι - Μέθοδοι Συγκέντρωσης των Πρωτογενών Στοιχείων, Διάφορα Είδη Ερωτήσεων και Κανόνες Σύνταξης του Ερωτηματολογίου, Δειγματοληψία, Κώδικας Δεοντολογίας, Παρουσίαση της Τελικής Έκθεσης μετά από μια Έρευνα Μάρκετινγκ, Ποιοτική Έρευνα, Τεχνική στην Ανάπτυξη Project, Προκαταρκτική Έρευνα, Η Πραγματοποίηση της Έρευνας.
700 1# - ΠΡΟΣΘΕΤΗ ΑΝΑΓΡΑΦΗ--ΦΥΣΙΚΟ ΠΡΟΣΩΠΟ
Personal name Πετράκης Μιχάλης Γ
9 (RLIN) 2053
942 ## - ADDED ENTRY ELEMENTS (KOHA)
Koha item type Books
Holdings
Τύπος τεκμηρίου Βιβλιοθήκη Τρέχουσα τοποθεσία Barcode Αριθμός εισαγωγής Ημερομηνία απόκτησης Ταξιθετικό σύμβολο Αριθμός αντιτύπου Κατάσταση απόσυρσης Κατάσταση χαμένου Κατάσταση κατεστραμμένου Μη δανεισμός Σύνολο δανεισμών Ημερομηνία τελευταίας εμφάνισης Η τιμή ισχύει από
Books MC Athens Campus Library MC Athens Campus Library 9780000015488 2627 05/06/2025 658.83 PET 1           05/06/2025 05/06/2025

MC Athens Campus Library
Πατησίων 94 & Κοδριγκτώνος 13, 104 34
Πελλήνης 8 & Πατησίων 107, 112 51
Τ: +30 210 8899600

MC Thessaloniki Campus Library
Ίωνος Δραγούμη 21, 54625 | Ίωνος Δραγούμη 15, 54625
Τ: +30 2310 287779 – Τ: +30 2314 440300